000 04100nam0a2200469 4500
001 RU\NLR\bibl\1521098
005 20250616030741.0
010 _a978-5-17-065913-5
_bАСТ
010 _a978-5-271-27129-8
_bАстрель
010 _a978-5-87605-120-2
_bАНС
_910000
021 _aRU
_b2010-33977
_92272
035 _a(nilc)RSL-KNO-004642362
035 _aIZD\AST\2007\987653
035 _a(NLR Aleph) 001512460
090 _a89191
_c89191
100 _a20100513d2010 |||y0rusy50 ca
101 0 _arus
102 _aRU
105 _aa zzzz|||||
200 1 _aЖизнь и здоровье человека в вопросах и ответах многомерной медицины
_eсистема самодиагностики и самоисцеления человека в практическом применении
_e[уникальная методика вибрационных рядов, выявление глубинных причин заболевания, избавление от сложных хронических болезней, развязывание "кармических узлов"]
_fЛ. Г. Пучко
210 _aМосква
_cАНС [и др.]
_d2010
215 _a297, [1] с.
_cил.
_d24
225 1 _aОткрытия будущего
330 _aНовая книга Л.Г.Пучко "Жизнь и здоровье человека в вопросах и ответах Многомерной медицины" является сборником писем, объединяющим две книги: "Многомерная медицина в вопросах и ответах" и "Многомерная медицина. Новые вопросы и новые ответы".В данном издании представлены письма людей, освоивших основы Многомерной медицины. Авторы писем рассказывают об удивительных случаях самоисцеления. Их алгоритмы устранения сложнейших заболеваний, несомненно, представляют большой интерес для творчески мыслящих последователей Л.Г.Пучко. Некоторые письма читателей, вошедшие в новую книгу, автор называет "золотой россыпью народной мудрости".Благодаря огромному количеству писем от читателей разрабатываемая Л.Г.Пучко система самодиагностики и самоисцеления человека постоянно совершенствуется и становится все более доступной для многих людей.Книга предназначена для всех, кто интересуется альтернативной медициной, а также для всех желающих стать здоровыми и счастливыми.
606 1 _aСамоисцеление
_xПрименение нетрадиционной терапии
_92542109
_3RU\NLR\auth\661504897
606 1 _aСамодиагностика
_xПрименение биолокации
_92220005
_3RU\NLR\auth\661333122
610 0 _aЗдравоохранение. Медицинские науки -- Популярные издания
686 _aР.я9
_2rubbk
686 _a033
_aНародная медицина. Нетрадиционные методы лечения
_2TCC-BG
686 _a53.589
_vLBC/M
_2rubbk
686 _aР358.9я9
686 _aР34я9
700 1 _aПучко
_bЛ. Г.
_gЛюдмила Григорьевна
_4070
801 0 _aRU
_bРГБ
_c20100513
_grcr
801 1 _aRU
_bРГБ
_c20100513
801 2 _aRU
_bЛИБНЕТ
_c20100429
801 2 _aRU
_bНБР Карелия
_c20100521
801 2 _aRU
_bNLR
_c20100608
_grcr
830 _aCODE_OF_LIBNET\000044841
942 _cBOOK
980 _aNB